00636nam a2200169 a 4500003000200000005001700002008004100019050002900060100002700089245006800116260009000184300004000274504004100314650002100355650004400376650004600420020250207150437.0130824s19uu xx 00 eng d aPHS BV 640.5b.R457 2013 aReyes, Jillian Drew V. aCampus ministry and positive behavior /cJillian Drew V. Reyes. aLas Piñas City, Philippines :bSouthville International School and Colleges,c2013. a36 pages :billustrations ;c28 cm. aIncludes bibliographical references. aCampus ministry. aChurch ministriesvEducational aspects. aReligious educationvEffects on behavior.